000 00649nam a2200205Ii 4500
003 JO-AjNU
008 230605s9999||||xx |||||||||||||| ||und||
017 _a606
040 _aJO-AjNU
_bara
_erda
_cJO-AjNU
041 _aara
050 1 4 _aQP31.2.A4292
100 3 _aالعكام، ناطق محمود,
_eauthor
_938683
245 0 0 _aفيزيولوجيا الحيوان العام
264 3 1 _aبغداد:وزارة البحث العلمي ، 1900
300 _a283ص
336 _atext
_btxt
_2rdacontent
337 _aunmediated
_bn
_2rdamedia
338 _avolume
_bnc
_2rdacarrier
650 4 _aالحيوانات-فزيولوجيا
_938684
999 _aA16273
_c19841
_d19841